Szczegóły MARC21

Indian Gondwana : Sahni volume /

005 -DATA I CZAS OSTATNIEJ MODYFIKACJI [,]
    • @
    • pole kontrolne
    • 20080807085230.0
040 -Instytucja sporządzająca opis [ , ]
    • d
    • Instytucja, która zmodyfikowała rekord (P)
    • SZCZ U/OG
041 -Język dokumentu [0, ]
    • a
    • Język tekstu (P)
    • angielski
    • b
    • Język streszczeń lub abstraktu (P)
    • angielski
044 -Kraj miejsca wydania [ , ]
    • a
    • Kraj miejsca wydania
    • Indie
942 -Rodzaj dokumentu [ , ]
    • c
    • Rodzaj dokumentu
    • Książka
245 -Strefa tytułu i oznaczenia odpowiedzialności [0,0]
    • a
    • Tytuł
    • Indian Gondwana : Find
    • b
    • Ciąg dalszy tytułu (NP)
    • Sahni volume / Find
    • c
    • Pozostałe elementy strefy tytułu i oznaczenia odpowiedzialności (NP)
    • ed. B.S. Venkatachala, H.K. Maheshwari.
260 -Strefa adresu wydawniczego [ , ]
    • a
    • Miejsce wydania (P)
    • Bangalore :
    • c
    • Data wydania (P)
    • 1991.
    • b
    • Nazwa wydawcy (P)
    • Geological Society of India,
300 -Strefa opisu fizycznego [ , ]
    • a
    • Określenie formy książki i/lub objętość (NP)
    • XIV, 529 s., [1] k. tabl., [4] k. tabl. złoż. :
    • b
    • Oznaczenie ilustracji (NP)
    • fot., il. ;
    • c
    • Format (NP)
    • 26 cm.
490 -Strefa serii i książki wielotomowej - forma nie do wyszukiwania [1, ]
    • a
    • Tytuł (P)
    • Memoir / Geological Society of India, Find
    • x
    • ISSN (NP)
    • 0016-7622 ;
    • v
    • Numeracja (P)
    • 21
830 -Hasło dodatkowe serii i opisu książki wielotomowej - tytuł ujednolicony/tytuł [ ,0]
    • a
    • Tytuł ujednolicony/tytuł (NP)
    • Memoir - Geological Society of India
    • x
    • ISSN
    • 0016-7622
    • v
    • Oznaczenie tomu (NP)
    • 21
504 -Uwaga dot. bibliogr. załącznikowej [ , ]
    • a
    • Uwaga dot. bibliografii załącznikowej
    • Bibliogr.
546 -Uwaga dot. języka [ , ]
    • a
    • Uwaga dot. języka
    • Summ.
080 -Uniwersalna Klasyfikacja Dziesiętna [ , ]
    • 2
    • Identyfikator wydania tablic
    • UDC-P058
    • a
    • Symbol klasyfikacji
    • 551.1/.4
    • b
    • Dopowiedzenie
    • Geologia ogólna: fizyczna i dynamiczna.
    • x
    • Poddział wspólny
    • (540)
    • b
    • Dopowiedzenie
    • (Indie. Republika Indii).
    • x
    • Poddział wspólny
    • =111
    • b
    • Dopowiedzenie
    • =Język angielski.
080 -Uniwersalna Klasyfikacja Dziesiętna [ , ]
    • 2
    • Identyfikator wydania tablic
    • UDC-P058
    • a
    • Symbol klasyfikacji
    • 913(540)
    • b
    • Dopowiedzenie
    • Geografia Indii.
    • x
    • Poddział wspólny
    • =111
    • b
    • Dopowiedzenie
    • =Język angielski.
980 -Symbol UKD [ , ]
    • a
    • UKD
    • 551.1/.4:913](540)=111
700 -Hasło dodatkowe - nazwa osobowa [1, ]
    • a
    • Nazwa osobowa (NP)
    • Maheshwari, H. K. Find
    • e
    • Określenie rodzaju współpracy
    • Red.
700 -Hasło dodatkowe - nazwa osobowa [1, ]
    • a
    • Nazwa osobowa (NP)
    • Venkatachala, B. S. Find
    • d
    • Daty biograficzne (NP)
    • (1933-).
    • e
    • Określenie rodzaju współpracy
    • Red.
Numer inwentarzowy Lokalizacja Data inwentaryzacji Status udost.
Z.108755BG2007-06-191